zpět

Detail výsledku týmu

Spirit Bar - Žižkov, Praha

Datum a čas kvízu

29.5 Celkem bodů Celkový počet nahraných bodů na tomto kvízu bez doplňovacích otázek.
6. Pořadí na kvízu Konečné umístění týmu na tomto kvízu.

Zaznamenané odpovědi

# Otázka Odpověď Body Výsledky
1. Krátce po sobotním poledni vyj... z Malešic 0
2. Odstupující premiérce Angele M... Nina Hagen 0
3. Dva britští zpěváci společně n... Ed Sheeran, Elton John 1
4. Životní úroveň v Česku se loni... Lucembursko 1
5. Minulý týden se v Paříži udělo... posedmé 1
6. Po slavných psech a koních při... Francie 1
7. Kočka na obrázku pochází ze st... Simonova kočka (Simon's Cat) 0
8. Ve Spojeném království jsou ko... myšilov 0
9. Neopomeneme ani slavné literár... Šklíba 1
10. Téma slavných koček zakončíme... Bastet (též Baset, Baast, Ubaste) 0